| 000 | 00380nam a2200133Ia 4500 | ||
|---|---|---|---|
| 008 | 221030s9999 xx 000 0 und d | ||
| 041 | _aEnglish | ||
| 100 | _aP. Diwan | ||
| 245 | 0 |
_aLaw of Parental Control, Guardianship & Custody of Minor Children _cby P. Diwan |
|
| 260 |
_bEeastern Book Co. _aLucknow _c1973 |
||
| 300 | _a740 | ||
| 650 | _aLaw Of Parental Control | ||
| 942 | _cBK | ||
| 999 |
_c19044 _d19044 |
||